| 000 | 01005nam a2200325Ia 4500 | ||
|---|---|---|---|
| 005 | 20251020182448.0 | ||
| 008 | 200515s9999 xx 000 0 und d | ||
| 020 | _a958-600-127-X | ||
| 082 | _a620.17/B31 | ||
| 100 | _aBeer, Ferdinand P. | ||
| 100 | _aJhonston, Jr., E. Russell | ||
| 245 | 0 | _aMecánica de materiales | |
| 250 | _a2a ed. | ||
| 260 | _aSantafé de Bogotá, D.C. | ||
| 260 | _bMcGRAW-HILL | ||
| 260 | _c1993 | ||
| 300 | _a738 | ||
| 300 | _btbl., graf. | ||
| 500 | _a1 ejemplar | ||
| 520 | _aEstudio de la mecánica de materiales se basa en la comprensión de unos pocos conceptos básicos y en el uso de los modelos simplificados. Este método hace posible la deducción de todas las ecuaciones necesarias en una forma lógica y racional e indica clara | ||
| 650 | _aCARGAS | ||
| 650 | _aCOLUMNAS | ||
| 650 | _aDISEÑO DE VIGAS | ||
| 650 | _aFLEXION | ||
| 650 | _aMECANICA DE MATERIALES | ||
| 650 | _aTORSION | ||
| 650 | _aVIGAS | ||
| 942 | _cLIB | ||
| 999 |
_c773 _d773 |
||